[Event "ICS rated standard match"]
[Site "204.178.125.65"]
[Date "2000.11.12"]
[Round "?"]
[White "Hossa"]
[Black "NimzoX"]
[Result "0-1"]
[WhiteElo "2293"]
[BlackElo "2245"]
[PlyCount "108"]
[EventDate "2000.??.??"]

1. e4 e5 2. Nf3 Nc6 3. Bb5 a6 4. Ba4 Nf6 5. O-O Be7 6. Re1 b5 7. Bb3 O-O 8. a4
Bb7 9. d3 d6 10. Nbd2 Na5 11. Ba2 c5 12. Nf1 b4 13. Ng3 Bc8 14. Be3 Rb8 15. Bg5
Bg4 16. Bd2 Bd7 17. Qe2 Rc8 18. Red1 Qe8 19. Bg5 h6 20. Bxf6 Bxf6 21. Bd5 Bd8
22. Rdc1 Bf6 23. d4 exd4 24. Qxa6 Nc6 25. Nh5 Be5 26. Nxe5 Qxe5 27. Ng3 Ne7 28.
Bb7 Rb8 29. Rf1 Ng6 30. b3 Nf4 31. Bc6 Be6 32. Bb5 Ra8 33. Qb6 Rfb8 34. Qc7 Rc8
35. Qb7 Rab8 36. Qa7 d5 37. Rfe1 dxe4 38. Nxe4 Bd5 39. Nxc5 Nh3+ 40. gxh3 Qg5+
41. Kf1 Qg2+ 42. Ke2 Qf3+ 43. Kd2 Qc3+ 44. Kd1 Qxa1+ 45. Kd2 Qc3+ 46. Kd1 Rxb5
47. axb5 Bf3+ 48. Kc1 d3 49. Re8+ Kh7 50. Kb1 dxc2+ 51. Kc1 Rxe8 52. Nd3 Re2
53. h4 Qd2+ 54. Kb2 c1=Q# {Hossa checkmated} 0-1

[Event "ICS rated standard match"]
[Site "204.178.125.65"]
[Date "2000.11.12"]
[Round "?"]
[White "MM3Quick"]
[Black "Hossa"]
[Result "0-1"]
[WhiteElo "2028"]
[BlackElo "2290"]
[PlyCount "80"]
[EventDate "2000.??.??"]

1. c3 c5 2. d3 d5 3. e4 dxe4 4. dxe4 Qxd1+ 5. Kxd1 Nf6 6. f3 e5 7. Bb5+ Bd7 8.
Bxd7+ Nbxd7 9. Be3 Be7 10. Ne2 O-O 11. Nd2 Ne8 12. Kc2 Nd6 13. Rhd1 Rfd8 14.
Nb3 Nc4 15. Bf2 b5 16. Nd2 Nd6 17. Nf1 f5 18. exf5 Nxf5 19. Ne3 Nxe3+ 20. Bxe3
Nb6 21. b3 Kf7 22. Ng3 Nd5 23. Bd2 Rab8 24. Ne4 h6 25. Rab1 a5 26. c4 bxc4 27.
bxc4 Nb4+ 28. Bxb4 axb4 29. Rxd8 Rxd8 30. Rd1 Rd4 31. Rxd4 exd4 32. Kd3 Ke6 33.
h3 Kf5 34. g3 g6 35. f4 h5 36. Nf2 h4 37. Ke2 hxg3 38. Nd3 Ke4 39. Ne5 Bd6 40.
Nxg6 d3+ {MM3Quick resigns} 0-1

[Event "ICS rated blitz match"]
[Site "204.178.125.65"]
[Date "2000.11.12"]
[Round "?"]
[White "Hossa"]
[Black "Yace"]
[Result "0-1"]
[WhiteElo "2479"]
[BlackElo "2681"]
[PlyCount "180"]
[EventDate "2000.??.??"]

1. Nf3 c5 2. g3 Nc6 3. e4 Nf6 4. Nc3 d5 5. exd5 Nxd5 6. Bg2 Nxc3 7. bxc3 g6 8.
O-O Bg7 9. Rb1 O-O 10. Re1 Qa5 11. a3 Rd8 12. Qe2 Qa4 13. Ng5 e6 14. Qe4 Qa5
15. Qf4 Rd7 16. Ne4 Kh8 17. Nf6 Rd8 18. Bxc6 bxc6 19. Qh4 h6 20. Ng4 h5 21. Ne5
Bxe5 22. Rxe5 Ba6 23. Qf6+ Kg8 24. Re4 Rab8 25. Rxb8 Rxb8 26. Kg2 Rb1 27. Re1
Be2 28. f3 Qa4 29. Qd8+ Kg7 30. Rxe2 Rxc1 31. Qc7 Qb5 32. Qe5+ Kg8 33. c4 Qb1
34. Qxc5 Qxc2 35. Qxa7 Qxc4 36. Kf2 Rh1 37. Ke3 Ra1 38. Qb8+ Kh7 39. Qa7 Kg7
40. Qa5 c5 41. Qc3+ Qxc3+ 42. dxc3 Rxa3 43. Kd3 Ra4 44. Re5 c4+ 45. Kd4 Ra2 46.
h4 Rg2 47. Rg5 f6 48. Rc5 f5 49. Ke3 Rxg3 50. Kf2 f4 51. Rxc4 e5 52. Re4 Kf6
53. Rb4 Rh3 54. Rb6+ Kf5 55. Kg2 Rxh4 56. Rb8 g5 57. Rf8+ Ke6 58. Re8+ Kd5 59.
c4+ Kd4 60. Rd8+ Kxc4 61. Rc8+ Kd5 62. Rd8+ Ke6 63. Re8+ Kd6 64. Rd8+ Ke7 65.
Rh8 Kf7 66. Rh6 g4 67. fxg4 Kg7 68. Re6 Rxg4+ 69. Kf3 Rg5 70. Ke4 h4 71. Re7+
Kg6 72. Re6+ Kh5 73. Kf3 h3 74. Re8 Rg3+ 75. Ke4 Kg6 76. Kd5 Rd3+ 77. Ke6 f3
78. Rg8+ Kh7 79. Rg1 f2 80. Rb1 e4 81. Ke5 e3 82. Ke4 e2 83. Kxd3 e1=Q 84. Rb7+
Kg6 85. Rb6+ Kg5 86. Rb7 f1=Q+ 87. Kd4 Qf6+ 88. Kd5 Qee5+ 89. Kc4 Qc3+ 90. Kb5
Qfc6# {Hossa checkmated} 0-1

[Event "ICS rated standard match"]
[Site "204.178.125.65"]
[Date "2000.11.12"]
[Round "?"]
[White "Hossa"]
[Black "Yace"]
[Result "0-1"]
[WhiteElo "2296"]
[BlackElo "2625"]
[PlyCount "138"]
[EventDate "2000.??.??"]

1. e4 c5 2. Nf3 d6 3. d4 cxd4 4. Nxd4 Nf6 5. Nc3 a6 6. Bd3 Nc6 7. Nxc6 bxc6 8.
O-O e5 9. Bc4 Be7 10. Qd3 O-O 11. Rd1 Bg4 12. f3 Be6 13. Be3 Bxc4 14. Qxc4 Qb8
15. a3 Rc8 16. Qb4 Qc7 17. Qc4 d5 18. exd5 cxd5 19. Qxc7 Rxc7 20. Nxd5 Nxd5 21.
Rxd5 Rxc2 22. b4 Rac8 23. Rd7 Bf8 24. h3 R8c3 25. Bb6 g6 26. Rd8 Kg7 27. Rd5
Be7 28. Rxe5 Bf6 29. Rd5 Rxf3 30. gxf3 Bxa1 31. Kf1 Rh2 32. Ra5 Rxh3 33. Kf2
Rh2+ 34. Ke3 h5 35. Rxa6 h4 36. Kf4 Rg2 37. Be3 Bb2 38. Rd6 Bxa3 39. Bd4+ Kh6
40. Rd8 Bc1+ 41. Ke4 Kg5 42. Rc8 f5+ 43. Kd5 Bb2 44. Be3+ f4 45. Bc5 h3 46. Rc7
Kh4 47. Rh7+ Kg3 48. b5 Rd2+ 49. Kc6 h2 50. Bd6 Bd4 51. Rh6 g5 52. Be7 Rd1 53.
Bxg5 h1=Q 54. Rxh1 Rxh1 55. Be7 Kxf3 56. Kd5 Kg4 57. Kxd4 Rb1 58. Bc5 Rxb5 59.
Ba7 f3 60. Kc3 Kg3 61. Kc4 Rf5 62. Kb3 f2 63. Bb8+ Kf3 64. Kc3 f1=Q 65. Bd6 Qb1
66. Ba3 Rb5 67. Kd4 Ke2 68. Bc5 Qf5 69. Kc4 Qxc5# {Hossa checkmated} 0-1

[Event "ICS rated standard match"]
[Site "204.178.125.65"]
[Date "2000.11.12"]
[Round "?"]
[White "easypickings"]
[Black "Hossa"]
[Result "0-1"]
[WhiteElo "2009"]
[BlackElo "2292"]
[PlyCount "35"]
[EventDate "2000.??.??"]

1. e4 e5 2. Nf3 Nc6 3. Bc4 Be7 4. O-O Nf6 5. Re1 Nxe4 6. Rxe4 d5 7. Re1 dxc4 8.
Nxe5 Nxe5 9. Rxe5 O-O 10. Nc3 Be6 11. h3 Re8 12. Qf3 c6 13. b3 Bd6 14. Re1 cxb3
15. axb3 Bxb3 16. Bb2 Bxc2 17. d3 Qb6 18. Rxe8+ {easypickings resigns} 0-1

[Event "ICS rated standard match"]
[Site "204.178.125.65"]
[Date "2000.11.12"]
[Round "?"]
[White "Hossa"]
[Black "TheSinger"]
[Result "1-0"]
[WhiteElo "2297"]
[BlackElo "2016"]
[PlyCount "79"]
[EventDate "2000.??.??"]

1. e4 d6 2. d4 Nf6 3. Nc3 c6 4. f4 Qa5 5. Bd2 e5 6. Nf3 exd4 7. Nxd4 Qb6 8. Nb3
a5 9. Na4 Qc7 10. Be3 Nbd7 11. Bd3 b5 12. Nc3 a4 13. Nd2 Be7 14. O-O O-O 15. a3
Nb6 16. Bd4 Ba6 17. e5 Nfd5 18. Qh5 g6 19. Qh6 Qd8 20. exd6 Bf6 21. Be5 Nxc3
22. bxc3 Nd7 23. Nf3 Nxe5 24. fxe5 Bg7 25. Qf4 Qd7 26. Rae1 Rae8 27. Qd4 f6 28.
e6 Rxe6 29. Rxe6 Qxe6 30. d7 Rd8 31. Qb6 Qxd7 32. Qxa6 Bh6 33. c4 Rb8 34. cxb5
cxb5 35. Rb1 Be3+ 36. Kh1 Rb6 37. Bxb5 Qe6 38. Qxa4 Kg7 39. Qb3 Qe4 40. Re1 {
TheSinger resigns} 1-0

[Event "ICS Rated standard match"]
[Site "204.178.125.65"]
[Date "2000.11.13"]
[Round "?"]
[White "perucho"]
[Black "Hossa"]
[Result "1-0"]
[WhiteElo "2241"]
[BlackElo "2302"]
[PlyCount "83"]
[EventDate "2000.??.??"]

1. d4 Nf6 2. c4 e6 3. Nf3 d5 4. Nc3 c6 5. Bg5 dxc4 6. e4 b5 7. e5 h6 8. Bh4 g5
9. Nxg5 Nd5 10. Nxf7 Qxh4 11. Nxh8 Bb4 12. a3 Ba5 13. Rc1 Qe4+ 14. Qe2 Qxd4 15.
Qh5+ Kd8 16. Nf7+ Kc7 17. Qf3 Nd7 18. Be2 Nxe5 19. Nxe5 Qxe5 20. O-O Bd7 21.
Rfd1 Rg8 22. a4 Nf4 23. Bf1 b4 24. Na2 Qf5 25. Kh1 b3 26. Nc3 Be8 27. Bxc4 Bh5
28. Nb5+ cxb5 29. Bxb5+ Kb8 30. Qc6 Qc2 31. Rxc2 bxc2 32. Rd7 c1=Q+ 33. Qxc1
Nd3 34. Bxd3 Rc8 35. Qf4+ e5 36. Be4 Bc7 37. Qd2 Bf7 38. Qb4+ Bb6 39. Rb7+ Ka8
40. Rxb6+ Bd5 41. Bxd5+ Rc6 42. Bxc6# {Hossa checkmated} 1-0

[Event "ICS rated bullet match"]
[Site "204.178.125.65"]
[Date "2000.11.13"]
[Round "?"]
[White "NimzoX"]
[Black "Hossa"]
[Result "1-0"]
[WhiteElo "2355"]
[BlackElo "2418"]
[PlyCount "147"]
[EventDate "2000.??.??"]

1. e4 e5 2. Nf3 Nc6 3. Nc3 d6 4. d4 Bg4 5. dxe5 dxe5 6. Qxd8+ Rxd8 7. Bb5 Bxf3
8. Bxc6+ bxc6 9. gxf3 Bb4 10. Bd2 Nf6 11. Rg1 g6 12. a3 Bc5 13. Be3 Bd4 14. Na4
Ke7 15. O-O-O Bxe3+ 16. fxe3 Rxd1+ 17. Rxd1 Nd7 18. Rd3 Rd8 19. Rb3 Nb6 20. Nc5
Rd6 21. f4 Rf6 22. Nd3 exf4 23. exf4 c5 24. c4 Rd6 25. Nxc5 Nxc4 26. Rc3 Rd4
27. Kc2 a5 28. Nb3 Rxe4 29. Kd3 Rxf4 30. Rxc4 Rf3+ 31. Kc2 Rf2+ 32. Nd2 Kd6 33.
Rh4 h5 34. Kc3 Kd5 35. Rd4+ Ke6 36. h4 Rf5 37. Rc4 Kd7 38. Ra4 g5 39. hxg5 Rxg5
40. Nb3 Rg3+ 41. Kc2 Rg2+ 42. Kb1 Kd6 43. Rxa5 h4 44. Rh5 Rh2 45. a4 h3 46. a5
f6 47. a6 Kc6 48. Ra5 Rh1+ 49. Ka2 Rd1 50. a7 Rd8 51. a8=Q+ Rxa8 52. Rxa8 f5
53. Nd4+ Kd5 54. Nf3 Ke6 55. Ng5+ Kd6 56. Nxh3 c5 57. Rc8 Kd5 58. Rxc5+ Kxc5
59. Ka3 Kd5 60. b4 Kc6 61. Nf4 Kd6 62. b5 Kc5 63. Ka4 Kb6 64. Kb4 Kc7 65. Kc5
Kd7 66. b6 Kc8 67. Kc6 Kd8 68. b7 Ke7 69. Kd5 Kf6 70. Ne6 Kg6 71. b8=Q Kh5 72.
Qg3 Kh6 73. Qg5+ Kh7 74. Qg7# {Hossa checkmated} 1-0

[Event "ICS rated standard match"]
[Site "204.178.125.65"]
[Date "2000.11.13"]
[Round "?"]
[White "BrazilianMaster"]
[Black "Hossa"]
[Result "1-0"]
[WhiteElo "2690"]
[BlackElo "2283"]
[PlyCount "91"]
[EventDate "2000.??.??"]

1. e4 e5 2. Nf3 Nc6 3. Bb5 a6 4. Ba4 Nf6 5. O-O Be7 6. Re1 b5 7. Bb3 O-O 8. h3
d6 9. c3 a5 10. d3 a4 11. Bc2 Ba6 12. d4 Qd7 13. Bd2 Rfd8 14. Bd3 exd4 15. cxd4
Re8 16. Qc2 b4 17. Bxa6 Rxa6 18. d5 Ne5 19. Nxe5 dxe5 20. Qc4 Qd6 21. a3 bxa3
22. Nxa3 Qb6 23. Be3 Qb7 24. Rec1 Bd6 25. Nb1 Rea8 26. Nd2 Nd7 27. Ra2 Qb8 28.
Qc2 Qb5 29. Nc4 f5 30. exf5 Nf6 31. Bg5 Nxd5 32. Qe4 Rf8 33. Rd1 Nf6 34. Bxf6
Rxf6 35. Rd5 Qb7 36. Ra1 Ra7 37. Rad1 Rf8 38. Nxe5 Qxb2 39. Nd7 Rd8 40. f6 g6
41. Rxd6 Kh8 42. Qe7 Rg8 43. Nf8 cxd6 44. Qxa7 Qb7 45. Qxb7 Rxf8 46. Qg7# {
Hossa checkmated} 1-0

[Event "ICS rated standard match"]
[Site "204.178.125.65"]
[Date "2000.11.13"]
[Round "?"]
[White "Hossa"]
[Black "BrazilianMaster"]
[Result "0-1"]
[WhiteElo "2280"]
[BlackElo "2693"]
[PlyCount "118"]
[EventDate "2000.??.??"]

1. d4 Nf6 2. c4 e6 3. Nf3 d5 4. Nc3 c6 5. Bg5 h6 6. Bxf6 Qxf6 7. e3 Bd6 8. Bd3
Nd7 9. O-O Qe7 10. cxd5 exd5 11. e4 dxe4 12. Bxe4 O-O 13. Re1 Qd8 14. d5 cxd5
15. Nxd5 Nc5 16. Qd4 Be6 17. Rad1 Nxe4 18. Rxe4 Rc8 19. Re2 Bc5 20. Qe5 Re8 21.
Ree1 Bg4 22. Qf4 Rxe1+ 23. Rxe1 Be6 24. Nc3 Qb6 25. Re2 Bb4 26. a4 Bxc3 27.
bxc3 Rxc3 28. Ne1 Qc7 29. Qd4 b6 30. Qe4 Qd7 31. Qe5 Rc5 32. Qe4 Rc4 33. Qa8+
Rc8 34. Qe4 Bc4 35. Qe7 Qxa4 36. Re4 Qc6 37. Re3 a5 38. Qe5 Qc7 39. Qb2 b5 40.
Rg3 f6 41. Re3 b4 42. Qc2 Bf7 43. Qa4 Qc1 44. Qb5 b3 45. Re2 Bc4 46. Re8+ Rxe8
47. Qxe8+ Kh7 48. Qe4+ Kh8 49. g4 b2 50. Qe8+ Bg8 51. Kg2 b1=Q 52. Nf3 Qh1+ 53.
Kg3 Qbf1 54. Qe4 g5 55. Nxg5 Qhg1+ 56. Kf4 Qxh2+ 57. Kf5 Qb5+ 58. Qd5 Qxd5+ 59.
Kxf6 Qxg5# {Hossa checkmated} 0-1

[Event "ICS rated blitz match"]
[Site "204.178.125.65"]
[Date "2000.11.13"]
[Round "?"]
[White "Valg"]
[Black "Hossa"]
[Result "1-0"]
[WhiteElo "2559"]
[BlackElo "2471"]
[PlyCount "149"]
[EventDate "2000.??.??"]

1. d4 Nf6 2. c4 e6 3. Nc3 Bb4 4. e3 c5 5. Nge2 d5 6. a3 cxd4 7. axb4 dxc3 8.
Nxc3 O-O 9. cxd5 exd5 10. Be2 Be6 11. O-O Re8 12. f4 Nc6 13. f5 Bc8 14. b5 Ne7
15. Qd3 Bd7 16. Qc2 Qc7 17. Bd3 Qe5 18. Rf4 Rec8 19. Raa4 Rc5 20. Qf2 Rc7 21.
Bd2 Nc8 22. Ra1 Nb6 23. Rd4 Be8 24. Qf4 Qxf4 25. exf4 Rd7 26. Be1 Ng4 27. h3
Nf6 28. Bh4 Rdd8 29. Be2 Rd6 30. Bxf6 Rxf6 31. Nxd5 Nxd5 32. Rxd5 h6 33. Kf2 g6
34. Bd3 Kf8 35. Rc1 gxf5 36. Rc7 Rb6 37. Bc4 Kg7 38. Rxf5 Rd8 39. Ke2 Rd4 40.
b3 Kg6 41. Re5 Bd7 42. Re7 Bxb5 43. Ke3 Rd1 44. Rxf7 Bxc4 45. bxc4 Rb3+ 46. Ke2
Rdb1 47. f5+ Kg5 48. Rcd7 a5 49. Rd2 Rg1 50. Kf2 Ra1 51. Rf8 Rc3 52. f6 Rxc4
53. f7 Kf6 54. Rd7 Rc2+ 55. Kg3 Rg1 56. Kh4 Rgxg2 57. Rg8 Ke6 58. f8=Q Kxd7 59.
Qf5+ Kd6 60. Rd8+ Kc6 61. Rc8+ Kb6 62. Rxc2 Rxc2 63. Qxc2 Kb5 64. Kh5 b6 65.
Kxh6 Kb4 66. Kg6 b5 67. h4 a4 68. h5 a3 69. h6 a2 70. Qxa2 Kc5 71. h7 Kc6 72.
h8=Q Kd6 73. Qd4+ Kc7 74. Qf7+ Kc8 75. Qh8# {Hossa checkmated} 1-0

[Event "ICS Rated blitz match"]
[Site "204.178.125.65"]
[Date "2000.11.13"]
[Round "?"]
[White "Hossa"]
[Black "Valg"]
[Result "0-1"]
[WhiteElo "2459"]
[BlackElo "2579"]
[PlyCount "124"]
[EventDate "2000.??.??"]

1. e4 e5 2. Nf3 Nc6 3. Bb5 a6 4. Ba4 Nf6 5. O-O Be7 6. Re1 b5 7. Bb3 d6 8. c3
O-O 9. d4 Bg4 10. d5 Na5 11. Bc2 c6 12. h3 Bc8 13. b4 Nc4 14. dxc6 Qc7 15. a4
Be6 16. Ng5 Qxc6 17. Nxe6 fxe6 18. Nd2 Nb6 19. a5 Nbd7 20. Bb2 d5 21. exd5 exd5
22. Nf3 Qd6 23. Qe2 e4 24. Bb3 Rae8 25. Nd4 Ne5 26. Rad1 Bd8 27. Rd2 Nd3 28.
Red1 Bc7 29. g3 Nxf2 30. Qxf2 e3 31. Qf1 exd2 32. Nf5 Qe6 33. Rxd2 g6 34. Nd4
Qe3+ 35. Qf2 Qxg3+ 36. Qxg3 Bxg3 37. Kg2 Kf7 38. Bxd5+ Nxd5 39. Kxg3 Re3+ 40.
Kh4 Ke7 41. Rg2 Rf4+ 42. Rg4 Kf6 43. Rxf4+ Nxf4 44. Kg4 Nd3 45. Nf3 h5+ 46. Kg3
Nxb2 47. Kf2 Nd1+ 48. Kg3 Nxc3 49. Kg2 Re4 50. Kh1 Rxb4 51. Kg2 Rb2+ 52. Kf1
Ne4 53. Ng1 Rb1+ 54. Kg2 Rxg1+ 55. Kxg1 b4 56. Kg2 b3 57. Kf3 Ke5 58. h4 b2 59.
Ke2 b1=Q 60. Kf3 Qd3+ 61. Kg2 Qg3+ 62. Kf1 Qf2# {Hossa checkmated} 0-1

[Event "ICS rated blitz match"]
[Site "204.178.125.65"]
[Date "2000.11.13"]
[Round "?"]
[White "Valg"]
[Black "Hossa"]
[Result "1/2-1/2"]
[WhiteElo "2595"]
[BlackElo "2448"]
[PlyCount "102"]
[EventDate "2000.??.??"]

1. e4 c5 2. Nf3 e6 3. d4 cxd4 4. Nxd4 Nc6 5. Nc3 d6 6. Be3 a6 7. Be2 Nf6 8. O-O
Be7 9. f4 O-O 10. Qe1 Qb6 11. Na4 Qc7 12. Nxc6 bxc6 13. Nb6 Rb8 14. Nxc8 Qxc8
15. Bd4 c5 16. Bc3 Nxe4 17. Bxa6 Qxa6 18. Qxe4 d5 19. Qd3 Qb6 20. Qd2 d4 21.
Ba5 Qxb2 22. Bc7 Rb7 23. Ba5 Bf6 24. Rfb1 Qxb1+ 25. Rxb1 Rxb1+ 26. Kf2 Rc8 27.
g4 Bh4+ 28. Kg2 g6 29. Kh3 Be1 30. Qe2 Bxa5 31. Qa6 Rbb8 32. Qxa5 Ra8 33. Qb5
Rxa2 34. Qc4 Ra3+ 35. Kg2 Rc3 36. Qa2 h6 37. Qb2 Ra8 38. h4 Ra4 39. f5 gxf5 40.
gxf5 exf5 41. Qb8+ Kh7 42. Qc7 Rxc2+ 43. Kf3 Rc3+ 44. Kf4 Kg7 45. Qe5+ Kg6 46.
Qxf5+ Kg7 47. Qe5+ Kf8 48. Qb8+ Ke7 49. Qc7+ Kf8 50. Qb8+ Ke7 51. Qc7+ Kf8 {
Game drawn by mutual agreement} 1/2-1/2

[Event "ICS rated blitz match"]
[Site "204.178.125.65"]
[Date "2000.11.13"]
[Round "?"]
[White "Hossa"]
[Black "Valg"]
[Result "1/2-1/2"]
[WhiteElo "2454"]
[BlackElo "2596"]
[PlyCount "159"]
[EventDate "2000.??.??"]

1. e4 e5 2. Nf3 Nc6 3. Bb5 a6 4. Ba4 Nf6 5. O-O Be7 6. Re1 b5 7. Bb3 d6 8. c3
O-O 9. d3 Na5 10. Bc2 c5 11. Nbd2 Re8 12. Nf1 Bf8 13. Ng3 g6 14. d4 exd4 15.
cxd4 Bg4 16. dxc5 dxc5 17. Bg5 Qxd1 18. Rexd1 Bg7 19. h3 Bxf3 20. gxf3 Nc6 21.
Be3 Rac8 22. Bb3 c4 23. Bc2 Nb4 24. Rd2 Ng4 25. hxg4 c3 26. bxc3 Bxc3 27. Rd7
Bxa1 28. Bb3 Rf8 29. f4 Bb2 30. e5 Nc6 31. Ne4 Ba3 32. Bd5 Bb4 33. Nf6+ Kg7 34.
g5 Nb8 35. Rb7 Nc6 36. Rd7 Nb8 37. Rb7 Bc3 38. Ne4 Bb2 39. Bc5 h5 40. Bxf8+
Rxf8 41. Nc5 Kg8 42. Bxf7+ Rxf7 43. Rxb8+ Kh7 44. Nxa6 Bd4 45. e6 Re7 46. Rxb5
Rxe6 47. Nb4 Re2 48. Rb7+ Kg8 49. Nc6 Bxf2+ 50. Kf1 Rxa2 51. Ne5 h4 52. Nxg6 h3
53. Ne7+ Kf8 54. Nf5 h2 55. Rh7 Bc5 56. g6 Ra1+ 57. Kg2 Rg1+ 58. Kxh2 Rxg6 59.
Nh4 Rg4 60. f5 Bd6+ 61. Kh1 Kg8 62. Rh5 Kg7 63. Ng2 Bf4 64. Ne1 Kf6 65. Nd3 Rg5
66. Rh6+ Kxf5 67. Nxf4 Kxf4 68. Kh2 Ke3 69. Kh3 Kd2 70. Kh4 Re5 71. Kg4 Re4+
72. Kh3 Re1 73. Kh4 Kc1 74. Kh5 Rd1 75. Kg6 Kb1 76. Kh5 Ka1 77. Kg6 Kb1 78. Kh5
Ka1 79. Kg6 Kb1 80. Kh5 {Game drawn by repetition} 1/2-1/2

[Event "ICS rated blitz match"]
[Site "204.178.125.65"]
[Date "2000.11.13"]
[Round "?"]
[White "Valg"]
[Black "Hossa"]
[Result "1-0"]
[WhiteElo "2556"]
[BlackElo "2460"]
[PlyCount "135"]
[EventDate "2000.??.??"]

1. e4 e5 2. Nf3 Nc6 3. Bb5 a6 4. Ba4 Nf6 5. O-O Be7 6. Re1 b5 7. Bb3 d6 8. c3
O-O 9. h3 Na5 10. Bc2 c5 11. d4 Qc7 12. Nbd2 cxd4 13. cxd4 Bd7 14. Nf1 Rac8 15.
Ne3 Nc6 16. d5 Nb4 17. Bb1 a5 18. a3 Na6 19. b4 Qb7 20. bxa5 Nc5 21. Nf1 Bd8
22. Bd2 Qa7 23. a6 Qxa6 24. Bc2 Na4 25. Bb4 Nc3 26. Qd3 Ba5 27. Ng3 Rc7 28.
Bxa5 Qxa5 29. Rec1 Rfc8 30. Nd2 Qb6 31. Nf3 b4 32. axb4 Qxb4 33. Ne1 Bb5 34.
Qf3 Qd4 35. h4 Ncxe4 36. Nf5 Qd2 37. Rd1 Qe2 38. Bxe4 Nxe4 39. Rdb1 Qf1+ 40.
Kh2 Nxf2 41. Ng3 Qc4 42. Qxf2 Qxd5 43. Nf5 Rd7 44. Ra5 Rb8 45. Qe2 Qe6 46.
Rbxb5 Re8 47. Qe4 Red8 48. Rxe5 dxe5 49. Rxe5 Rd6 50. Rxe6 Rxe6 51. Qf4 Rde8
52. Nf3 Rf6 53. Qg5 Rxf5 54. Qxf5 h6 55. g4 g6 56. Qf4 Kg7 57. g5 hxg5 58. hxg5
Re6 59. Qd4+ Kf8 60. Ne5 Kg7 61. Nd7+ Kg8 62. Qb4 Re2+ 63. Kg1 Re8 64. Nf6+ Kg7
65. Nxe8+ Kg8 66. Qe7 Kh8 67. Qf8+ Kh7 68. Qg7# {Hossa checkmated} 1-0

[Event "ICS rated blitz match"]
[Site "204.178.125.65"]
[Date "2000.11.13"]
[Round "?"]
[White "cfd"]
[Black "Hossa"]
[Result "0-1"]
[WhiteElo "2169"]
[BlackElo "2448"]
[PlyCount "44"]
[EventDate "2000.??.??"]

1. d4 Nf6 2. e3 g6 3. Nf3 Bg7 4. c4 d5 5. c5 b6 6. b4 O-O 7. Bd2 Ne4 8. Bd3
bxc5 9. bxc5 Nxc5 10. dxc5 Bxa1 11. Nc3 Bb2 12. Qb3 Bxc3 13. Bxc3 Ba6 14. Ba1
Bxd3 15. Qxd3 Nc6 16. Qc3 f6 17. O-O e5 18. Rd1 Rb8 19. h4 Qd7 20. h5 gxh5 21.
Nh4 Qg4 22. g3 Qxd1+ {cfd resigns} 0-1

[Event "ICS rated blitz match"]
[Site "204.178.125.65"]
[Date "2000.11.13"]
[Round "?"]
[White "Hossa"]
[Black "cfd"]
[Result "1-0"]
[WhiteElo "2453"]
[BlackElo "2150"]
[PlyCount "93"]
[EventDate "2000.??.??"]

1. d4 Nf6 2. c4 g6 3. g3 Bg7 4. Bg2 d6 5. Nc3 O-O 6. Nf3 Nc6 7. d5 Na5 8. Nd2
c5 9. O-O a6 10. Re1 Rb8 11. e4 b5 12. cxb5 axb5 13. Qe2 b4 14. Nd1 Nd7 15. Ne3
Nb6 16. Qd3 Ra8 17. f4 Ba6 18. Qc2 Qd7 19. e5 Rfc8 20. e6 Qe8 21. exf7+ Qxf7
22. Bh3 Nxd5 23. Nxd5 Qxd5 24. Be6+ Qxe6 25. Rxe6 Bd4+ 26. Kg2 Bb7+ 27. Kf1
Ba6+ 28. Ke1 Rc7 29. Nb3 Nxb3 30. Qxb3 Kg7 31. Be3 Bf6 32. Bg1 Bb5 33. Bf2 Ba6
34. Kd2 Bb5 35. Kc1 Ba4 36. Qe3 Raa7 37. Qd3 Bd7 38. Re1 Bf5 39. Qd1 c4 40.
Bxa7 Rxa7 41. Re3 c3 42. bxc3 bxc3 43. g4 c2 44. Qe1 Bc8 45. g5 Bxa1 46. Rxe7+
Rxe7 47. Qxe7+ {cfd resigns} 1-0

[Event "ICS rated bullet match"]
[Site "204.178.125.65"]
[Date "2000.11.13"]
[Round "?"]
[White "explosiv-gent"]
[Black "Hossa"]
[Result "0-1"]
[WhiteElo "1950"]
[BlackElo "2417"]
[PlyCount "74"]
[EventDate "2000.??.??"]

1. e4 e5 2. f4 exf4 3. Nf3 d5 4. exd5 Qxd5 5. Nc3 Qe6+ 6. Qe2 Nf6 7. d4 Bd6 8.
d5 Qxe2+ 9. Bxe2 O-O 10. O-O c6 11. dxc6 Nxc6 12. Bd3 Nb4 13. Ng5 Bc5+ 14. Kh1
Be3 15. Nce4 Ng4 16. h3 Ne5 17. Bxe3 fxe3 18. Nxh7 Kxh7 19. Nd6+ Nexd3 20. cxd3
e2 21. Rxf7 Rxf7 22. Nxf7 Nc2 23. Rc1 e1=Q+ 24. Rxe1 Nxe1 25. Ng5+ Kg6 26. Ne4
Nxd3 27. Kg1 Nxb2 28. Kh2 Be6 29. Nc5 Bd5 30. h4 Rc8 31. a3 Rxc5 32. h5+ Kxh5
33. Kg3 Nd3 34. Kh3 Rc2 35. g4+ Kg5 36. Kg3 Rg2+ 37. Kh3 Nf4# {
explosiv-gent checkmated} 0-1

[Event "ICS rated bullet match"]
[Site "204.178.125.65"]
[Date "2000.11.13"]
[Round "?"]
[White "Hossa"]
[Black "explosiv-gent"]
[Result "1-0"]
[WhiteElo "2419"]
[BlackElo "1948"]
[PlyCount "73"]
[EventDate "2000.??.??"]

1. e4 e6 2. d4 d5 3. Nd2 Nf6 4. e5 Nfd7 5. Bd3 c5 6. c3 Nc6 7. Ne2 Qb6 8. Nf3
cxd4 9. cxd4 Bb4+ 10. Bd2 Be7 11. Qc2 Nb4 12. Bxb4 Bxb4+ 13. Nc3 O-O 14. Bxh7+
Kh8 15. a3 f5 16. Bg6 Be7 17. O-O Rg8 18. Rac1 Nf8 19. Bf7 Nh7 20. Bxg8 Kxg8
21. Na4 Qd8 22. Nc5 b6 23. Nd3 Bd7 24. Nf4 Rc8 25. Qd3 Rxc1 26. Rxc1 g5 27. Ng6
g4 28. Nxe7+ Qxe7 29. Ne1 a6 30. Qxa6 Ng5 31. Qxb6 f4 32. Rc7 f3 33. Qa7 fxg2
34. Rxd7 Nh3+ 35. Kxg2 Qg5 36. Qb8+ Qd8 37. Qxd8# {explosiv-gent checkmated}
1-0

[Event "ICS rated blitz match"]
[Site "204.178.125.65"]
[Date "2000.11.13"]
[Round "?"]
[White "Valg"]
[Black "Hossa"]
[Result "1-0"]
[WhiteElo "2568"]
[BlackElo "2458"]
[PlyCount "127"]
[EventDate "2000.??.??"]

1. e4 e5 2. Nf3 Nc6 3. Bb5 a6 4. Ba4 Nf6 5. O-O Be7 6. Re1 b5 7. Bb3 d6 8. c3
O-O 9. h3 Na5 10. Bc2 c5 11. d4 Qc7 12. Nbd2 Bd7 13. Nf1 cxd4 14. cxd4 Rac8 15.
Ne3 Nc6 16. d5 Nb4 17. Bb1 a5 18. a3 Na6 19. b4 Qc3 20. Nc2 axb4 21. axb4 Ra8
22. Bd2 Qc7 23. Re3 Qb7 24. Qe2 Bd8 25. Rc3 Bb6 26. Na3 Nxb4 27. Rb3 Nbxd5 28.
exd5 Nxd5 29. Ra2 b4 30. Nc4 Rxa2 31. Bxa2 Bc5 32. Ng5 Ba4 33. Rb2 Rd8 34. Qe4
h6 35. Qh7+ Kf8 36. Qh8+ Ke7 37. Qxg7 Be8 38. Nxe5 dxe5 39. Qxe5+ Kf8 40. Bxd5
Qb8 41. Ne6+ Ke7 42. Qxb8 Rxb8 43. Nxc5 Kd6 44. Na6 Rb6 45. Bc4 Ke5 46. Nxb4
Rd6 47. Bc3+ Kf5 48. Re2 Rd1+ 49. Kh2 Ba4 50. Bxf7 Rd7 51. Re5+ Kf6 52. Be8 Rd6
53. Nd5+ Rxd5 54. Rxd5+ Ke6 55. Re5+ Kd6 56. Bxa4 Kc7 57. f4 h5 58. f5 h4 59.
f6 Kd6 60. f7 Kc7 61. f8=Q Kb7 62. Re7+ Kb6 63. Qh6+ Kc5 64. Qc6# {
Hossa checkmated} 1-0

[Event "ICS rated blitz match"]
[Site "204.178.125.65"]
[Date "2000.11.13"]
[Round "?"]
[White "Hossa"]
[Black "Valg"]
[Result "0-1"]
[WhiteElo "2447"]
[BlackElo "2579"]
[PlyCount "112"]
[EventDate "2000.??.??"]

1. e4 c6 2. Nc3 e6 3. Nf3 d5 4. d4 Bb4 5. exd5 cxd5 6. a3 Bxc3+ 7. bxc3 Nf6 8.
Bd3 Qc7 9. Bb2 O-O 10. O-O Nbd7 11. Qe2 Nb6 12. Rab1 Rd8 13. Ne5 Na4 14. Qe3
Nxb2 15. Rxb2 Ne8 16. Qh3 h6 17. Bb5 Nd6 18. Rb3 Nxb5 19. Rxb5 f6 20. Ng6 e5
21. Qd3 e4 22. Qe3 b6 23. Re1 Bf5 24. Nf4 Qc6 25. Rb3 Rac8 26. Ne2 Qd6 27. Qd2
Bd7 28. Nf4 Ba4 29. Rb4 b5 30. Ra1 Qc6 31. Ne2 Qd7 32. Rb2 Qf5 33. Rab1 Rd7 34.
Re1 Rdc7 35. Qc1 Rc6 36. Qa1 Rc4 37. Qa2 Qe6 38. Rb4 e3 39. f3 Qf5 40. Ng3 Qg5
41. Rxc4 Rxc4 42. Kh1 a5 43. Rf1 Rxc3 44. Ne4 Rxa3 45. Qxa3 dxe4 46. Qa2+ Kh7
47. c4 Qf5 48. cxb5 Bxb5 49. Qxa5 exf3 50. Qe1 Bxf1 51. Qxe3 f2 52. h3 Bxg2+
53. Kxg2 f1=Q+ 54. Kh2 Qg6 55. Qxh6+ Kxh6 56. d5 Qfg2# {Hossa checkmated} 0-1

[Event "ICS rated blitz match"]
[Site "204.178.125.65"]
[Date "2000.11.13"]
[Round "?"]
[White "lopezjh"]
[Black "Hossa"]
[Result "0-1"]
[WhiteElo "2000"]
[BlackElo "2437"]
[PlyCount "98"]
[EventDate "2000.??.??"]

1. e4 c5 2. c3 Nf6 3. e5 Nd5 4. d4 cxd4 5. Nf3 Nc6 6. Bc4 Nb6 7. Bb3 d6 8. exd6
Qxd6 9. O-O Be6 10. Bxe6 Qxe6 11. Nxd4 Nxd4 12. Qxd4 Rd8 13. Qe3 Qxe3 14. Bxe3
Nc4 15. Bxa7 Nxb2 16. a4 Ra8 17. Ra2 Nc4 18. Bc5 e6 19. Bxf8 Rxf8 20. Rd1 Ke7
21. Ra1 Rfd8 22. Rxd8 Kxd8 23. Kf1 Ra5 24. Ke2 b5 25. Nd2 Nxd2 26. Kxd2 bxa4
27. c4 Rg5 28. g3 Rf5 29. f4 Rh5 30. h4 Ra5 31. Kc3 Ra8 32. Kb4 Rb8+ 33. Kc3
Rb3+ 34. Kd4 a3 35. c5 Rxg3 36. Kc4 Rg4 37. Kb5 Rxh4 38. Rxa3 Rxf4 39. Kc6 Ke7
40. Ra7+ Kf6 41. Kd7 Rd4+ 42. Ke8 Rc4 43. Rc7 Kg6 44. c6 e5 45. Kd8 e4 46. Kd7
e3 47. Ra7 e2 48. c7 Rd4+ 49. Kc6 e1=Q {lopezjh resigns} 0-1